| Tag |
First Indicator |
Second Indicator |
Subfields |
| LEADER |
00000cam a2200000 4500 |
| 001 |
in00000053505 |
| 005 |
20151008050304.0 |
| 008 |
711210s1961 ja 00000 eng u |
| 010 |
|
|
|a 63003171
|
| 035 |
|
|
|a (OCoLC)00181485
|
| 035 |
|
|
|9 AAG0304AM
|
| 040 |
|
|
|c OUN
|d TXA
|d UtOrBLW
|
| 049 |
|
|
|a TXAM
|c 1 [347757]
|c 2 [357263]
|
| 090 |
|
|
|a HD1167.F75
|b C5x
|
| 092 |
|
|
|a 333.32
|b C518
|
| 100 |
1 |
|
|a Chen, Cheng,
|d 1898-1965.
|
| 245 |
1 |
0 |
|a Land reform in Taiwan.
|
| 250 |
|
|
|a [1st ed.
|
| 264 |
|
1 |
|a Taipei] :
|b China Pub. Co.,
|c [1961]
|
| 300 |
|
|
|a xiii, 332 pages :
|b illustrations, diagrams, facsimiles, tables. ;
|c 22 cm.
|
| 336 |
|
|
|a text
|b txt
|2 rdacontent
|
| 337 |
|
|
|a unmediated
|b n
|2 rdamedia
|
| 338 |
|
|
|a volume
|b nc
|2 rdacarrier
|
| 500 |
|
|
|a Includes legislation.
|
| 650 |
|
0 |
|a Land tenure
|z Taiwan.
|
| 999 |
|
|
|a MARS
|
| 999 |
f |
f |
|s fd65c5a3-efb1-3da2-b29f-75e9a5abb48f
|i 32367873-6a8a-33bf-9504-042fce6c8097
|t 0
|
| 952 |
f |
f |
|p normal
|a Texas A&M University
|b College Station
|c Sterling C. Evans Library
|d Evans: Library Stacks
|t 0
|e HD1167.F75 C5x
|h Library of Congress classification
|i unmediated -- volume
|m A14800740160
|
| 998 |
f |
f |
|a HD1167.F75 C5x
|t 0
|l Evans: Library Stacks
|